000 01498cam a2200133 4500500
005 20260405085558.0
041 _afre
042 _adc
100 1 0 _aFournier, Laurent Sébastien
_eauthor
245 0 0 _aAnthropologie de la modernité : Entre globalisation et fragmentation
260 _bArmand Colin,
_c2021.
520 _aQu’est-ce que l’anthropologie des sociétés modernes ? Peut-on pratiquer l’anthropologie chez soi ? Au premier abord, ces questions peuvent sembler étranges, tant l’anthropologie reste associée aux sociétés traditionnelles et exotiques, à la distance et à l’éloignement. Pourtant, toutes les sociétés humaines peuvent aujourd’hui faire l’objet d’un discours anthropologique. La décolonisation, puis la globalisation, ont contribué à la possibilité d’un tel renouvellement de la discipline, de sorte que l’idée d’une anthropologie « chez soi » est devenue de plus en plus acceptable. Comment, dès lors, tourner vers soi-même le fameux « regard éloigné » de l’anthropologie ? L’ouvrage analyse les notions de temps, d’espace, de culture, de société et de corps, qui sont des thématiques transversales pour témoigner des diverses façons de faire de l’anthropologie de la modernité, tout en prenant en compte les dynamiques contemporaines de la globalisation et de la fragmentation.
856 4 1 _uhttps://shs.cairn.info/anthropologie-de-la-modernite--9782200630423?lang=fr&redirect-ssocas=7080
999 _c2198683
_d2198683